Practical dehydration

Guardat en:
Dades bibliogràfiques
Autor principal: Greensmith, Maurice (Autor)
Format: Llibre
Idioma:anglès
Publicat: Boca Ratón CRC Press 1998
Edició:2a. ed
Col·lecció:Woodhead Publishing Series in Food Science and Technology
Matèries:
Etiquetes: Afegir etiqueta
Sense etiquetes, Sigues el primer a etiquetar aquest registre!

MARC

LEADER 00000nam a2200000 a 4500
001 UCP6832
003 CL-VaPUC
008 991119e19980000US |||||||||||||||||eng|d
082 0 4 |a 664.028  |b GRE  |2 21 
100 0 |a Greensmith, Maurice  |e author  |9 436135 
245 1 0 |a Practical dehydration 
250 |a 2a. ed 
300 |a 274 p 
942 |c BK 
945 |d 19991119 00:00:00  |a rbrito 
260 |a Boca Ratón  |b CRC Press  |c 1998 
650 0 |a Alimentos  |9 256203 
650 0 |a Deshidratación  |9 365480 
650 7 |a EVAPORACION  |2 CL-VaPUC  |9 264095 
650 0 |a Secado  |9 331351 
583 |a last modification  |c 20160914 01:10:25  |k Rodrigo Vera 
490 0 |a Woodhead Publishing Series in Food Science and Technology 
999 |c 284259  |d 284257 
952 |0 0  |1 0  |2 ddc  |4 0  |6 664_028000000000000_GRE_1998  |7 0  |8 A  |9 328109  |a BIBALI  |b BIBALI  |c GEN  |d 2019-11-20  |i 357573K  |o 664.028 GRE 1998  |p 357573K  |r 2025-01-20  |w 2019-11-20  |y BK  |k ALI